OFC members by Logo - Statistics

General Stats
  • This quiz has been taken 93 times
  • The average score is 9 of 11
Answer Stats
Picture Answer % Correct
New Zealand
99%
Papua New Guinea
98%
Samoa
86%
Solomon Islands
84%
Vanuatu
84%
Tahiti
79%
American Samoa
77%
Fiji
70%
Tonga
65%
New Caledonia
59%
Cook Islands
56%
No matching quizzes found
Score Distribution
Percent of People with Each Score
Percentile by Number Answered
Your Score History
You have not taken this quiz